000 00855nas a2200277 4500
001 BR9100287
003 BR-BrBNA
005 20231205091859.0
007 ta
008 230509b bl.|||p| |||| 00| 00por d
040 _aBR-BrBNA
_bpor
_cBiblioteca Nacional de Agricultura
041 _a(En)
072 _aL02
100 1 _aBarros, N.N.
100 1 _aKawas, J.
100 1 _aJohnson, W.L.
100 1 _aShelton, J.M.
245 1 _aEnergy utilization by somali lambs fed napiergrass ad libitum and energy supplement at incremental levels
650 _aOVINO
650 _aCAPIM ELEFANTE
650 _aSUPLEMENTO ENERGETICO
650 _aGANHO DE PESO
773 0 _tPesquisa Agropecuaria Brasileira (Brazil)
_xISSN 0100-204X
_g(Sep 1990), v. 25(9) p. 1283-1291
_wBR9100287
909 _a202311
_bLúcia
_c55
_dLúcia Elande
942 _2AGRIS
_n0
_cANA
999 _c127929
_d127929